[Event "ESP-chT CECLUB Div2"]
[Site "Linares"]
[Date "2016.08.18"]
[Round "4"]
[White "Moreno Valero, Ivan"]
[Black "Medarde Santiago, Luis Marcos"]
[Result "1/2-1/2"]
[WhiteElo "2198"]
[BlackElo "2333"]
[PlyCount "105"]
[EventDate "2016.08.16"]
[EventType "team"]
[EventRounds "6"]
[EventCountry "ESP"]
[SourceTitle "CBM 174 Extra"]
[Source "ChessBase"]
[SourceDate "2016.10.10"]
[SourceVersion "1"]
[SourceVersionDate "2016.10.10"]
[SourceQuality "1"]
[WhiteTeam "Tomelloso"]
[BlackTeam "USC"]
[WhiteTeamCountry "ESP"]
[BlackTeamCountry "ESP"]

1. d4 d6 2. Nf3 g6 3. c4 Bg7 4. Nc3 e5 5. dxe5 dxe5 6. Qxd8+ Kxd8 7. Bg5+ f6 8. 0-0-0+ Ke8 9. Be3 Na6 10. g3 Nh6 11. h3 Be6 12. b3 c6 13. Ne4 Nf5 14. Bd2 Rd8 15. Bg2 Kf7 16. Bc3 Bf8 17. g4 Ba3+ 18. Bb2 Bxb2+ 19. Kxb2 Nd4 20. g5 Nxf3 21. Bxf3 f5 22. Nd6+ Ke7 23. Nxb7 Rxd1 24. Rxd1 e4 25. Na5 exf3 26. Nxc6+ Kf7 27. exf3 Ra8 28. Kc3 Nc7 29. b4 Ke8 30. a4 Bd7 31. Rd6 Bxc6 32. Rxc6 Kd7 33. Rf6 Ke7 34. Rc6 Kd7 35. b5 Re8 36. a5 a6 37. Rc5 Kd6 38. Rc6+ Kd7 39. Rc5 Kd6 40. Kb4 Re1 41. Rc6+ Kd7 42. Rc5 Rb1+ 43. Ka4 Ra1+ 44. Kb4 Rb1+ 45. Ka4 Ne6 46. Rd5+ Kc7 47. h4 Ra1+ 48. Kb4 Rb1+ 49. Ka4 Ra1+ 50. Kb4 Rb1+ 51. Ka4 Ra1+ 52. Kb4 Rb1+ 53. Ka4 1/2-1/2

[Event "Almansa op-A"]
[Site "Almansa"]
[Date "2014.08.09"]
[Round "8"]
[White "Serna Lara, Sergio"]
[Black "Moreno Valero, Ivan"]
[Result "0-1"]
[WhiteElo "2260"]
[BlackElo "2011"]
[PlyCount "56"]
[EventDate "2014.08.05"]
[EventType "swiss"]
[EventRounds "9"]
[EventCountry "ESP"]
[SourceTitle "EXT 2019"]
[Source "ChessBase"]
[SourceDate "2018.10.10"]
[SourceVersion "1"]
[SourceVersionDate "2018.10.10"]
[SourceQuality "1"]

1. d4 d5 2. c4 e6 3. Nc3 c6 4. Nf3 dxc4 5. a4 Bb4 6. e3 b5 7. Bd2 Bb7 8. b3 a5 9. axb5 Bxc3 10. Bxc3 cxb5 11. bxc4 b4 12. Bb2 Nf6 13. Bd3 0-0 14. 0-0 Nbd7 15. Re1 Ne4 16. Qc2 f5 17. Red1 Qc7 18. Ne1 Rf6 19. f3 Rh6 20. f4 g5 21. d5 gxf4 22. Bxe4 fxe4 23. Qxe4 fxe3 24. Nf3 Qc5 25. Bd4 Qxc4 26. Ne5 Nf6 27. Qxe3 Qxd5 28. Qg5+ Rg6 0-1

[Event "Castilla La Mancha Men & Veterans"]
[Site "Guadalajara"]
[Date "2012.08.05"]
[Round "6.6"]
[White "Alarcon Angulo, Francisco"]
[Black "Moreno Valero, Ivan"]
[Result "1-0"]
[WhiteElo "1638"]
[BlackElo "1808"]
[PlyCount "117"]
[EventDate "2012.08.02"]
[EventType "swiss"]
[EventRounds "6"]
[EventCountry "ESP"]
[SourceTitle "EXT 2024"]
[Source "ChessBase"]
[SourceDate "2023.10.10"]
[SourceVersion "1"]
[SourceVersionDate "2023.10.10"]
[SourceQuality "1"]

1. e4 c5 2. Nf3 Nc6 3. d4 cxd4 4. Nxd4 e5 5. Nb5 d6 6. N1c3 a6 7. Na3 b5 8. Nd5 Nce7 9. Nxe7 Bxe7 10. c3 Nf6 11. Bd3 0-0 12. 0-0 Bg4 13. Be2 Bd7 14. Bf3 Bc6 15. Re1 Rc8 16. Nc2 a5 17. Bg5 Nd7 18. Bd2 Nc5 19. b4 Nd3 20. Re3 Nb2 21. Qb1 Nc4 22. Re2 Bd7 23. Ne3 Nxd2 24. Rxd2 Rxc3 25. Nd5 Bg5 26. Rd1 Rc8 27. a3 f5 28. Ra2 a4 29. Rc2 Be6 30. Rd3 Rf7 31. Rxc8 Qxc8 32. Rc3 Qb7 33. Qc2 fxe4 34. Bxe4 Qb8 35. Bxh7+ Kh8 36. Bg6 Rf8 37. Qd1 Qa7 38. Qh5+ Bh6 39. Ne3 Qd4 40. Rc2 Rxf2 41. Kxf2 Qxe3+ 42. Kf1 Bc4+ 43. Rxc4 bxc4 44. Qg4 Qf4+ 45. Qxf4 Bxf4 46. b5 Be3 47. Ke2 Bc5 48. Kf3 d5 49. Ke2 Kg8 50. g4 Bxa3 51. Bc2 Bc5 52. Bxa4 Kf7 53. h4 Ke6 54. Bc2 d4 55. Be4 Kd6 56. g5 Bb6 57. h5 Kc5 58. g6 d3+ 59. Bxd3 1-0

[Event "Castilla La Mancha Men & Veterans"]
[Site "Guadalajara"]
[Date "2012.08.03"]
[Round "3.8"]
[White "Moreno Valero, Ivan"]
[Black "Pastor Villalba, Arturo"]
[Result "1-0"]
[WhiteElo "1808"]
[BlackElo "1821"]
[PlyCount "77"]
[EventDate "2012.08.02"]
[EventType "swiss"]
[EventRounds "6"]
[EventCountry "ESP"]
[SourceTitle "EXT 2024"]
[Source "ChessBase"]
[SourceDate "2023.10.10"]
[SourceVersion "1"]
[SourceVersionDate "2023.10.10"]
[SourceQuality "1"]

1. d4 d5 2. c4 e6 3. Nc3 Be7 4. Nf3 Nf6 5. Bg5 0-0 6. e3 h6 7. Bh4 Ne4 8. Bxe7 Qxe7 9. Nxe4 dxe4 10. Nd2 f5 11. Qb3 Nd7 12. c5 b6 13. c6 Nf6 14. Nc4 Nd5 15. Ne5 Kh7 16. Bc4 Qd6 17. g3 a5 18. 0-0 g5 19. Kh1 g4 20. Kg2 Kg7 21. Rh1 Nf6 22. a3 Nh7 23. h3 h5 24. hxg4 hxg4 25. Rh5 Qe7 26. Rah1 Ng5 27. R1h4 Rg8 28. Rh6 b5 29. Bxb5 a4 30. Qc2 Ra5 31. Bxa4 Rxe5 32. dxe5 Ba6 33. Qc1 Be2 34. Bd1 Bf3+ 35. Bxf3 exf3+ 36. Kh2 Qd8 37. e4 Nxe4 38. Rh7+ Kf8 39. Qh6+ 1-0

[Event "Castilla La Mancha Men & Veterans"]
[Site "Guadalajara"]
[Date "2012.08.03"]
[Round "2.6"]
[White "Rojas Gomez, Fernando"]
[Black "Moreno Valero, Ivan"]
[Result "1/2-1/2"]
[WhiteElo "1896"]
[BlackElo "1808"]
[PlyCount "89"]
[EventDate "2012.08.02"]
[EventType "swiss"]
[EventRounds "6"]
[EventCountry "ESP"]
[SourceTitle "EXT 2024"]
[Source "ChessBase"]
[SourceDate "2023.10.10"]
[SourceVersion "1"]
[SourceVersionDate "2023.10.10"]
[SourceQuality "1"]

1. e4 c5 2. Nf3 d6 3. d4 cxd4 4. Nxd4 Nf6 5. Nc3 a6 6. Be2 e5 7. Nb3 Be6 8. f4 exf4 9. Bxf4 Nc6 10. Qd2 b5 11. Nd4 Nxd4 12. Qxd4 Rc8 13. 0-0-0 Qa5 14. a3 Rc6 15. Nd5 Nd7 16. Nb4 Rc8 17. Bxd6 Bxd6 18. Qxd6 Nc5 19. Kb1 Nxe4 20. Qf4 Nf6 21. g4 0-0 22. g5 Nd7 23. h4 Qb6 24. Bg4 Nc5 25. Nd5 Bxd5 26. Rxd5 Rcd8 27. Rhd1 Rxd5 28. Rxd5 Ne6 29. Qg3 Rd8 30. Rxd8+ Qxd8 31. Qe5 Qc7 32. Qxc7 Nxc7 33. b3 Kf8 34. c4 bxc4 35. bxc4 Ke7 36. Kc2 Kd6 37. Kc3 Kc5 38. Bf5 h6 39. gxh6 gxh6 40. Bc8 a5 41. Kb3 Na8 42. Bf5 Nb6 43. Bd3 a4+ 44. Kc3 f6 45. h5 1/2-1/2